[Event "Benasque op 44th"]
[Site "Benasque"]
[Date "2025.07.09"]
[Round "6"]
[White "Travadon, Loic"]
[Black "Mendonca, Leon Luke"]
[Result "1-0"]
[WhiteElo "2477"]
[BlackElo "2603"]
[PlyCount "57"]
[EventDate "2025.07.04"]
[EventType "swiss"]
[EventRounds "10"]
[EventCountry "ESP"]
[SourceTitle "CB29_2025"]
[SourceDate "2025.07.16"]
[SourceVersion "1"]
[SourceVersionDate "2025.07.16"]
[SourceQuality "1"]

1. e4 e6 2. d4 d5 3. Nc3 Nf6 4. e5 Nfd7 5. f4 c5 6. Nf3 Nc6 7. Be3 a6 8. Ne2 Qb6 9. Qc1 Be7 10. c3 0-0 11. h4 f6 12. h5 h6 13. Rh3 Rf7 14. Kf2 cxd4 15. cxd4 fxe5 16. fxe5 Bg5 17. Kg1 Bxe3+ 18. Qxe3 Qxb2 19. Rc1 Nb6 20. Rg3 Ne7 21. Qxh6 Nf5 22. Qg5 Bd7 23. Rc7 Nc4 24. h6 Nxg3 25. Nxg3 Qb6 26. Nh5 Qxc7 27. Nf6+ Kf8 28. Nxd5 exd5 29. h7 1-0

[Event "WchT Blitz Pool D"]
[Site "London"]
[Date "2025.06.14"]
[Round "3.4"]
[White "Agmanov, Zhandos"]
[Black "Mendonca, Leon Luke"]
[Result "0-1"]
[WhiteElo "2481"]
[BlackElo "2603"]
[PlyCount "92"]
[EventDate "2025.06.14"]
[EventType "team-tourn"]
[EventRounds "13"]
[EventCountry "ENG"]
[SourceTitle "CB25_2025"]
[SourceDate "2025.06.18"]
[SourceVersion "1"]
[SourceVersionDate "2025.06.18"]
[SourceQuality "1"]
[WhiteTeam "Barys.kz"]
[BlackTeam "Team MGD1"]
[WhiteTeamCountry "KAZ"]
[BlackTeamCountry "IND"]

1. e4 c6 2. d4 d5 3. Nc3 dxe4 4. Nxe4 Bf5 5. Ng3 Bg6 6. h4 h6 7. Nf3 Nd7 8. h5 Bh7 9. Bd3 Bxd3 10. Qxd3 Ngf6 11. Bd2 e6 12. 0-0-0 Be7 13. Ne4 Nxe4 14. Qxe4 Nf6 15. Qe2 Qd5 16. Kb1 Qe4 17. Be3 0-0 18. Nd2 Qd5 19. g4 Ne4 20. Nxe4 Qxe4 21. f3 Qd5 22. c4 Qd7 23. f4 f6 24. Bc1 Rae8 25. Rhe1 Bd8 26. Qg2 b5 27. cxb5 cxb5 28. d5 exd5 29. Rxe8 Qxe8 30. Qxd5+ Kh8 31. Bd2 Qe2 32. Bb4 Rg8 33. g5 fxg5 34. fxg5 Bxg5 35. Re1 Qxh5 36. Qxb5 Qg6+ 37. Ka1 Bf6 38. Ba3 Rc8 39. Qb7 Qc2 40. Rb1 a5 41. Qb5 a4 42. Bd6 Kh7 43. a3 Qc4 44. Qf5+ Kh8 45. Bf4 Rc5 46. Qg4 Qb3 0-1

[Event "WchT Blitz Pool D"]
[Site "London"]
[Date "2025.06.14"]
[Round "2.4"]
[White "Mendonca, Leon Luke"]
[Black "Cujba, Anca Claudia"]
[Result "1-0"]
[WhiteElo "2603"]
[BlackElo "1741"]
[PlyCount "49"]
[EventDate "2025.06.14"]
[EventType "team-tourn"]
[EventRounds "13"]
[EventCountry "ENG"]
[SourceTitle "CB25_2025"]
[SourceDate "2025.06.18"]
[SourceVersion "1"]
[SourceVersionDate "2025.06.18"]
[SourceQuality "1"]
[WhiteTeam "Team MGD1"]
[BlackTeam "Rey Ahogado"]
[WhiteTeamCountry "IND"]
[BlackTeamCountry "ESP"]

1. Nf3 Nf6 2. c4 g6 3. b3 Bg7 4. Bb2 d6 5. e3 e5 6. d4 Qe7 7. Be2 0-0 8. 0-0 Ne4 9. Nc3 Nxc3 10. Bxc3 e4 11. Nd2 f5 12. Qc2 Nc6 13. b4 g5 14. b5 Nd8 15. f3 exf3 16. Bxf3 Qxe3+ 17. Kh1 Qe7 18. Rae1 Qf6 19. Bd5+ Kh8 20. a4 c6 21. Bf3 c5 22. Nb3 Rf7 23. Ba1 Qg6 24. dxc5 g4 25. Re8+ 1-0

[Event "Sharjah Masters-A 8th"]
[Site "Sharjah"]
[Date "2025.05.24"]
[Round "8"]
[White "Sanal, Vahap"]
[Black "Mendonca, Leon Luke"]
[Result "1/2-1/2"]
[WhiteElo "2555"]
[BlackElo "2630"]
[PlyCount "91"]
[EventDate "2025.05.17"]
[EventType "swiss"]
[EventRounds "9"]
[EventCountry "UAE"]
[SourceTitle "CB22_2025"]
[SourceDate "2025.05.28"]
[SourceVersion "1"]
[SourceVersionDate "2025.05.28"]
[SourceQuality "1"]

1. e4 c5 2. Nf3 d6 3. Bb5+ Nd7 4. d4 cxd4 5. Nxd4 Ngf6 6. Bd3 Nc5 7. Nc3 a6 8. 0-0 e5 9. Nb3 Nxd3 10. Qxd3 h6 11. Nd2 Be6 12. Nc4 Rc8 13. Ne3 Be7 14. a4 0-0 15. Rd1 Qb6 16. Bd2 Qd4 17. Be1 Qxd3 18. Rxd3 g6 19. f3 Nd7 20. Ned5 Bd8 21. Bf2 f5 22. Ne3 f4 23. Ned5 Kf7 24. a5 g5 25. g4 fxg3 26. hxg3 h5 27. Kg2 Ke8 28. Be3 Rh8 29. Rd2 g4 30. f4 h4 31. gxh4 Rxh4 32. Bf2 Rh8 33. f5 Bf7 34. Ra4 Nc5 35. Rb4 Rc6 36. f6 Nd7 37. Rxb7 Nxf6 38. Rb8 Nxd5 39. Nxd5 Bg6 40. Re2 Kd7 41. c3 Rc8 42. Rb7+ Ke6 43. Bb6 Bxe4+ 44. Rxe4 Kxd5 45. Rxg4 Bxb6 46. Rxb6 1/2-1/2

[Event "Asia-ch"]
[Site "Al Ain"]
[Date "2025.05.11"]
[Round "5"]
[White "Huang, Renjie"]
[Black "Mendonca, Leon Luke"]
[Result "1/2-1/2"]
[WhiteElo "2491"]
[BlackElo "2630"]
[PlyCount "124"]
[EventDate "2025.05.07"]
[EventType "swiss"]
[EventRounds "9"]
[EventCountry "UAE"]
[SourceTitle "CB21_2025"]
[SourceDate "2025.05.21"]
[SourceVersion "1"]
[SourceVersionDate "2025.05.21"]
[SourceQuality "1"]

1. e4 c5 2. Nf3 d6 3. d4 cxd4 4. Nxd4 Nf6 5. Nc3 a6 6. Bd3 e6 7. Be3 Be7 8. f4 b5 9. a3 Bb7 10. Qf3 Nbd7 11. 0-0-0 Rc8 12. Nde2 Qc7 13. Qg3 g6 14. Kb1 Nc5 15. Bd4 Ncxe4 16. Nxe4 Nxe4 17. Bxe4 Bxe4 18. Bxh8 Qxc2+ 19. Ka1 Qxe2 20. Rc1 Rc4 21. Rxc4 bxc4 22. Re1 Qxg2 23. Qe3 Bf5 24. Bc3 f6 25. Qb6 Qxh2 26. Qxa6 Qxf4 27. a4 d5 28. a5 Qc7 29. Rxe6 Bxe6 30. Qxe6 Qd7 31. Qg8+ Bf8 32. a6 Qd6 33. Kb1 Qb6 34. Bb4 Qxb4 35. Qe6+ Be7 36. a7 Qb7 37. Qg8+ Bf8 38. Qe6+ Be7 39. Qg8+ Bf8 40. Qe6+ Kd8 41. Qxf6+ Kc7 42. Qxf8 Qxa7 43. Qe7+ Kb6 44. Qe3+ Kb7 45. Qe7+ Ka8 46. Qd8+ Qb8 47. Qxd5+ Qb7 48. Qd8+ Ka7 49. Qa5+ Qa6 50. Qc7+ Ka8 51. Qxh7 Qe6 52. Kc2 Qg4 53. Kc3 g5 54. Qg8+ Kb7 55. Qd5+ Kb8 56. Qb5+ Kc7 57. Qxc4+ Qxc4+ 58. Kxc4 Kb6 59. Kd4 Kb5 60. Ke4 Kb4 61. Kf5 Kb3 62. Kxg5 Kxb2 1/2-1/2

[Event "Asia-ch"]
[Site "Al Ain"]
[Date "2025.05.10"]
[Round "4"]
[White "Mendonca, Leon Luke"]
[Black "Ganerdene, Sugar"]
[Result "1-0"]
[WhiteElo "2630"]
[BlackElo "2464"]
[PlyCount "69"]
[EventDate "2025.05.07"]
[EventType "swiss"]
[EventRounds "9"]
[EventCountry "UAE"]
[SourceTitle "CB21_2025"]
[SourceDate "2025.05.21"]
[SourceVersion "1"]
[SourceVersionDate "2025.05.21"]
[SourceQuality "1"]

1. e4 e5 2. Nf3 Nf6 3. Nxe5 d6 4. Nf3 Nxe4 5. d4 d5 6. Bd3 Bd6 7. 0-0 0-0 8. c4 c6 9. Re1 Bf5 10. Qc2 Na6 11. a3 Bg6 12. c5 Bb8 13. Nbd2 f5 14. Qb3 Kh8 15. Qxb7 Naxc5 16. dxc5 Nxc5 17. Qxa8 Bxh2+ 18. Nxh2 Qxa8 19. Bf1 Re8 20. Rxe8+ Qxe8 21. Nhf3 Bh5 22. b4 Na4 23. Nd4 Qe5 24. N2b3 Bd1 25. Bd2 Nb2 26. Bc3 Na4 27. Bd2 Nb2 28. Nxc6 Qf6 29. Nbd4 Ba4 30. b5 Nc4 31. Re1 h6 32. Re6 Qh4 33. Bc3 Qg5 34. Nxf5 Bxb5 35. Bxg7+ 1-0

[Event "Asia-ch Blitz"]
[Site "Al Ain"]
[Date "2025.05.10"]
[Round "6"]
[White "Mendonca, Leon Luke"]
[Black "Makhnev, Denis"]
[Result "1-0"]
[WhiteElo "2630"]
[BlackElo "2526"]
[PlyCount "69"]
[EventDate "2025.05.10"]
[EventType "swiss (blitz)"]
[EventRounds "9"]
[EventCountry "UAE"]
[SourceTitle "CB20_2025"]
[SourceDate "2025.05.14"]
[SourceVersion "1"]
[SourceVersionDate "2025.05.14"]
[SourceQuality "1"]

1. Nf3 Nf6 2. c4 e6 3. b3 d5 4. Bb2 Bd6 5. g3 dxc4 6. bxc4 b6 7. Bg2 Bb7 8. 0-0 0-0 9. d3 Re8 10. a4 e5 11. a5 e4 12. Ng5 exd3 13. Qxd3 Bxg2 14. Kxg2 Nbd7 15. Nd2 Qe7 16. e3 h6 17. Ngf3 Rad8 18. Rfd1 Ne5 19. Qf5 g6 20. Qc2 Nxf3 21. Nxf3 Qe4 22. Qc3 Be7 23. Qe5 Qc6 24. Qb5 Qa8 25. a6 Rxd1 26. Rxd1 Ne4 27. Qd5 Qxd5 28. cxd5 Nc5 29. Ra1 Rd8 30. Ne5 Bf6 31. Bd4 Rxd5 32. Nc6 Bxd4 33. exd4 Nb3 34. Ra3 Nxd4 35. Ne7+ 1-0

[Event "Sardinia World op-A"]
[Site "Orosei"]
[Date "2025.05.03"]
[Round "9"]
[White "Bettalli, Francesco"]
[Black "Mendonca, Leon Luke"]
[Result "1/2-1/2"]
[WhiteElo "2355"]
[BlackElo "2643"]
[PlyCount "116"]
[EventDate "2025.04.27"]
[EventType "swiss"]
[EventRounds "9"]
[EventCountry "ITA"]
[SourceTitle "CB19_2025"]
[SourceDate "2025.05.07"]
[SourceVersion "1"]
[SourceVersionDate "2025.05.07"]
[SourceQuality "1"]

1. e4 c6 2. d4 d5 3. exd5 cxd5 4. Bd3 Nc6 5. c3 e6 6. Bf4 Bd6 7. Bxd6 Qxd6 8. Nf3 Nge7 9. 0-0 0-0 10. Re1 f6 11. Qe2 Bd7 12. c4 Rad8 13. Nc3 g5 14. Rad1 Rf7 15. a3 Rg7 16. Bb1 Kh8 17. g3 Ng6 18. h3 Nce7 19. Nh2 Rf8 20. cxd5 exd5 21. Qh5 Nc6 22. Ng4 Nge7 23. Qh6 Ng8 24. Qh5 Nce7 25. Nh2 f5 26. Qe2 Qh6 27. Kg2 Nf6 28. Nf3 Ne4 29. Rh1 Qd6 30. Ne5 Be8 31. f3 Nxc3 32. bxc3 Qxa3 33. Qd2 Qd6 34. h4 gxh4 35. Rxh4 Rfg8 36. Rdh1 Rxg3+ 37. Kf1 R8g7 38. Qh2 Qa6+ 39. c4 Kg8 40. Rxh7 Kf8 41. Rh6 Qa1 42. Rf6+ Bf7 43. Rxf7+ Rxf7 44. Qxg3 Qxb1+ 45. Qe1 Qxe1+ 46. Kxe1 Rg7 47. c5 Ng6 48. Nxg6+ Rxg6 49. Rh8+ Kf7 50. Rb8 b6 51. Rb7+ Kf6 52. cxb6 Kg5 53. bxa7 Ra6 54. Kd2 Kf4 55. Rf7 Kxf3 56. Rxf5+ Ke4 57. Rf7 Kxd4 58. Rf4+ Ke5 1/2-1/2

[Event "Sardinia World op-A"]
[Site "Orosei"]
[Date "2025.04.28"]
[Round "3"]
[White "Mendonca, Leon Luke"]
[Black "Panjwani, Raja"]
[Result "1-0"]
[WhiteElo "2643"]
[BlackElo "2443"]
[PlyCount "79"]
[EventDate "2025.04.27"]
[EventType "swiss"]
[EventRounds "9"]
[EventCountry "ITA"]
[SourceTitle "CB19_2025"]
[SourceDate "2025.05.07"]
[SourceVersion "1"]
[SourceVersionDate "2025.05.07"]
[SourceQuality "1"]

1. e4 c5 2. Nf3 Nc6 3. Bb5 d6 4. 0-0 Bd7 5. Re1 a6 6. Bf1 Bg4 7. h3 Bxf3 8. Qxf3 Nf6 9. c3 e6 10. d3 Be7 11. Nd2 0-0 12. Qe2 b5 13. Nf3 Qb6 14. Be3 b4 15. Nd2 d5 16. f4 a5 17. e5 Nd7 18. c4 Bh4 19. cxd5 Nd4 20. Bxd4 Bxe1 21. Nc4 Qd8 22. dxe6 cxd4 23. exf7+ Rxf7 24. Rxe1 Qh4 25. e6 Re7 26. Qf2 Qxf2+ 27. Kxf2 Nc5 28. Re5 b3 29. axb3 Nxb3 30. f5 Rb8 31. g4 h6 32. Bg2 Nc1 33. Be4 Ra7 34. Nxa5 Rxb2+ 35. Kf3 Kf8 36. Nc6 Raa2 37. e7+ Ke8 38. Rd5 Kf7 39. Rd8 Rf2+ 40. Kg3 1-0

[Event "Sardinia World op-A"]
[Site "Orosei"]
[Date "2025.04.27"]
[Round "2"]
[White "Noy, Eyal"]
[Black "Mendonca, Leon Luke"]
[Result "0-1"]
[WhiteElo "2346"]
[BlackElo "2643"]
[PlyCount "134"]
[EventDate "2025.04.27"]
[EventType "swiss"]
[EventRounds "9"]
[EventCountry "ITA"]
[SourceTitle "CB19_2025"]
[SourceDate "2025.05.07"]
[SourceVersion "1"]
[SourceVersionDate "2025.05.07"]
[SourceQuality "1"]

1. d4 Nf6 2. c4 e6 3. Nf3 d5 4. g3 Bb4+ 5. Bd2 Be7 6. Bg2 0-0 7. 0-0 c6 8. Qc2 Nbd7 9. Rd1 a5 10. Bf4 h6 11. Nbd2 Nh5 12. e4 Nxf4 13. gxf4 Nf6 14. Qd3 a4 15. Ne5 a3 16. b3 Bb4 17. Rac1 Bxd2 18. Rxd2 Nxe4 19. Bxe4 dxe4 20. Qxe4 f6 21. Nd3 Ra5 22. c5 Ra8 23. Re2 Bd7 24. Rc4 Qc7 25. Re3 Be8 26. Rb4 Bf7 27. Ne1 Rfd8 28. Nc2 Rd5 29. Rf3 e5 30. fxe5 fxe5 31. Ne3 exd4 32. Nxd5 Bxd5 33. Qf4 Qe7 34. Rxd4 Bxf3 35. Qxf3 Rf8 36. Qc3 Qf6 37. Qd2 Qg6+ 38. Kf1 Qb1+ 39. Kg2 Qg6+ 40. Kf1 Qh5 41. b4 Qxh2 42. Rd3 Qh1+ 43. Ke2 Qg2 44. Qe3 Qg4+ 45. Kf1 Qxb4 46. Rxa3 Qc4+ 47. Kg1 Rf5 48. Qe8+ Rf8 49. Qe3 Qg4+ 50. Kf1 Rd8 51. f3 Qh3+ 52. Kf2 Qh2+ 53. Ke1 Kh8 54. Rd3 Qh4+ 55. Kd1 Qa4+ 56. Ke1 Qb4+ 57. Kf2 Rxd3 58. Qxd3 Qxc5+ 59. Kg2 Qg5+ 60. Kh3 Qd5 61. Qe2 c5 62. a3 c4 63. Qe3 Qd3 64. Qf4 Kh7 65. Qf7 b5 66. Kh4 c3 67. Qb3 Qc4+ 0-1

[Event "Tashkent Agzamov Memorial 18th"]
[Site "Tashkent"]
[Date "2025.03.28"]
[Round "9"]
[White "Begmuratov, Khumoyun"]
[Black "Mendonca, Leon Luke"]
[Result "1-0"]
[WhiteElo "2430"]
[BlackElo "2643"]
[PlyCount "99"]
[EventDate "2025.03.20"]
[EventType "swiss"]
[EventRounds "10"]
[EventCountry "UZB"]
[SourceTitle "CB14_2025"]
[SourceDate "2024.11.01"]
[SourceVersion "1"]
[SourceVersionDate "2024.11.01"]
[SourceQuality "1"]

1. e4 c5 2. Nf3 d6 3. Bb5+ Nd7 4. d4 cxd4 5. Nxd4 Ngf6 6. 0-0 a6 7. Bd3 Nc5 8. Nc3 e6 9. Re1 Be7 10. Bf1 Qc7 11. a4 b6 12. f3 Bb7 13. Be3 0-0 14. Qd2 Rac8 15. Qf2 Kh8 16. Nb3 Nfd7 17. a5 b5 18. Nd4 Ne5 19. b4 Ncd7 20. Ncxb5 axb5 21. Nxb5 Qb8 22. a6 Bc6 23. Na7 Rc7 24. b5 Ba8 25. b6 Rxa7 26. bxa7 Qc7 27. Reb1 Nc5 28. Rb8 Qxa7 29. Rxf8+ Bxf8 30. Qd2 Be7 31. Rb1 h6 32. Qa5 Nc6 33. Qb6 Qxb6 34. Rxb6 Bd8 35. Rb1 Bc7 36. Bb5 Na7 37. e5 Kg8 38. c4 Kf8 39. Rd1 Nxb5 40. cxb5 Ke7 41. exd6+ Bxd6 42. Rc1 Nxa6 43. bxa6 Kd7 44. a7 Bb7 45. Ra1 Ba8 46. Rb1 Kc8 47. Bb6 Kd7 48. Bd4 e5 49. Rb8 Bd5 50. Bf2 1-0

[Event "Tashkent Agzamov Memorial 18th"]
[Site "Tashkent"]
[Date "2025.03.27"]
[Round "8"]
[White "Mendonca, Leon Luke"]
[Black "Prraneeth, Vuppala"]
[Result "1/2-1/2"]
[WhiteElo "2643"]
[BlackElo "2437"]
[PlyCount "41"]
[EventDate "2025.03.20"]
[EventType "swiss"]
[EventRounds "10"]
[EventCountry "UZB"]
[SourceTitle "CB14_2025"]
[SourceDate "2024.11.01"]
[SourceVersion "1"]
[SourceVersionDate "2024.11.01"]
[SourceQuality "1"]

1. d4 d5 2. Nf3 Nf6 3. c4 e6 4. g3 Be7 5. Bg2 0-0 6. 0-0 dxc4 7. Qc2 a6 8. a4 Bd7 9. Rd1 Bc6 10. Nc3 Bb4 11. Bg5 Bxc3 12. Qxc3 Ne4 13. Bxd8 Nxc3 14. bxc3 Rxd8 15. Ne5 Bxg2 16. Kxg2 Nc6 17. Nxc4 b5 18. Ne3 b4 19. cxb4 Nxd4 20. Rac1 c6 21. Rd2 1/2-1/2

[Event "Tashkent Agzamov Memorial 18th"]
[Site "Tashkent"]
[Date "2025.03.23"]
[Round "4"]
[White "Mendonca, Leon Luke"]
[Black "Goutham Krishna, H."]
[Result "1-0"]
[WhiteElo "2643"]
[BlackElo "2449"]
[PlyCount "81"]
[EventDate "2025.03.20"]
[EventType "swiss"]
[EventRounds "10"]
[EventCountry "UZB"]
[SourceTitle "CB14_2025"]
[SourceDate "2024.11.01"]
[SourceVersion "1"]
[SourceVersionDate "2024.11.01"]
[SourceQuality "1"]

1. d4 Nf6 2. c4 g6 3. Nc3 Bg7 4. e4 d6 5. Nf3 0-0 6. Be2 e5 7. 0-0 h6 8. Re1 Nbd7 9. Qc2 Re8 10. dxe5 dxe5 11. Be3 c6 12. h3 Qe7 13. a3 Nh5 14. Bf1 Nf4 15. Rad1 Ne6 16. b4 b6 17. Qb2 f5 18. exf5 gxf5 19. Qc2 Rf8 20. c5 bxc5 21. bxc5 Ndxc5 22. Na4 Nxa4 23. Qxa4 Bd7 24. Nxe5 Bxe5 25. Bxh6 Rf6 26. Qh4 Qh7 27. Rxd7 Qxd7 28. Rxe5 Qf7 29. Bc4 Re8 30. Bd2 Rg6 31. Bc3 Kf8 32. Kh1 Qf6 33. Qh7 Re7 34. Bb4 Qxe5 35. Bxe7+ Ke8 36. Qxg6+ Kxe7 37. Qxe6+ Qxe6 38. Bxe6 Kxe6 39. Kg1 Kd5 40. Kf1 Kc4 41. h4 1-0

[Event "Tashkent Agzamov Memorial 18th"]
[Site "Tashkent"]
[Date "2025.03.20"]
[Round "1"]
[White "Panin, Mikhail"]
[Black "Mendonca, Leon Luke"]
[Result "1/2-1/2"]
[WhiteElo "2189"]
[BlackElo "2643"]
[PlyCount "60"]
[EventDate "2025.03.20"]
[EventType "swiss"]
[EventRounds "10"]
[EventCountry "UZB"]
[SourceTitle "CB14_2025"]
[SourceDate "2024.11.01"]
[SourceVersion "1"]
[SourceVersionDate "2024.11.01"]
[SourceQuality "1"]

1. e4 c5 2. Nf3 e6 3. g3 Nc6 4. Bg2 Nf6 5. Nc3 d6 6. d4 cxd4 7. Nxd4 Bd7 8. 0-0 a6 9. Nxc6 Bxc6 10. Be3 Be7 11. a4 0-0 12. a5 Nd7 13. Na4 Qc7 14. Nb6 Rae8 15. c4 f5 16. Nd5 Qb8 17. Bf4 e5 18. Be3 fxe4 19. Bxe4 Nf6 20. Nxf6+ Bxf6 21. Qd3 h6 22. b4 Bg5 23. Bb6 Bxe4 24. Qxe4 Bd8 25. Rad1 Bxb6 26. axb6 Rf6 27. Rd5 Qc8 28. Rfd1 Qc6 29. c5 Ref8 30. R1d2 Kh8 1/2-1/2

[Event "Chessable Masters Play In"]
[Site "Chess.com INT"]
[Date "2025.02.17"]
[Round "3"]
[White "Dubov, Daniil"]
[Black "Mendonca, Leon Luke"]
[Result "1-0"]
[WhiteElo "2701"]
[BlackElo "2641"]
[PlyCount "69"]
[EventDate "2025.02.17"]
[EventType "swiss (blitz)"]
[EventRounds "9"]
[EventCountry "USA"]
[SourceTitle "CB08_2025"]
[SourceDate "2025.02.19"]
[SourceVersion "1"]
[SourceVersionDate "2025.02.19"]
[SourceQuality "1"]

1. Nf3 Nf6 2. c4 e6 3. b3 b6 4. g3 Bb7 5. Bg2 c5 6. Bb2 Be7 7. 0-0 0-0 8. Nc3 a6 9. Re1 d6 10. e4 Nc6 11. d4 cxd4 12. Nxd4 Nxd4 13. Qxd4 Qc7 14. Rac1 Rab8 15. h3 Rfd8 16. Red1 Ne8 17. Qe3 Bc6 18. Nd5 Qb7 19. Nxe7+ Qxe7 20. Rd2 Qb7 21. Rcd1 Rd7 22. a4 f5 23. f3 fxe4 24. fxe4 e5 25. g4 h6 26. h4 Rf7 27. Rxd6 Nxd6 28. Rxd6 Re8 29. g5 Rf4 30. gxh6 Bxe4 31. Rg6 Re7 32. Bxe5 Rxh4 33. Qg5 Rxh6 34. Bxe4 Rxg6 35. Qxg6 1-0

[Event "Chessable Masters Play In"]
[Site "Chess.com INT"]
[Date "2025.02.17"]
[Round "4"]
[White "Mendonca, Leon Luke"]
[Black "Van Foreest, Jorden"]
[Result "1-0"]
[WhiteElo "2641"]
[BlackElo "2688"]
[PlyCount "111"]
[EventDate "2025.02.17"]
[EventType "swiss (blitz)"]
[EventRounds "9"]
[EventCountry "USA"]
[SourceTitle "CB08_2025"]
[SourceDate "2025.02.19"]
[SourceVersion "1"]
[SourceVersionDate "2025.02.19"]
[SourceQuality "1"]

1. Nf3 d5 2. e3 Nf6 3. c4 e6 4. d4 b6 5. b3 Bd6 6. Bd3 0-0 7. 0-0 Bb7 8. cxd5 exd5 9. Ba3 c5 10. Nc3 Nbd7 11. Rc1 a6 12. Bb2 Re8 13. Ne2 Ne4 14. Ng3 Nxg3 15. hxg3 Qe7 16. Nh4 g6 17. Qe2 Nf6 18. Rfd1 Ne4 19. Nf3 h5 20. Ba1 Ng5 21. dxc5 bxc5 22. Qb2 d4 23. Nxg5 Qxg5 24. exd4 h4 25. dxc5 Be5 26. Qd2 Qxd2 27. Rxd2 Bxa1 28. Rxa1 hxg3 29. fxg3 Re3 30. Bc4 Bc6 31. Rf1 Be8 32. Rf3 Re5 33. b4 a5 34. a3 axb4 35. axb4 Re4 36. Rf4 Re1+ 37. Kf2 Rc1 38. b5 Kg7 39. c6 f5 40. c7 Bxb5 41. Bxb5 Rxc7 42. Rd7+ Rxd7 43. Bxd7 Ra2+ 44. Kg1 Kh6 45. Bc6 Kg5 46. Bf3 Ra1+ 47. Kh2 Ra7 48. Rc4 Rh7+ 49. Kg1 Ra7 50. g4 f4 51. Rc5+ Kh4 52. Kh2 g5 53. Rc8 Rh7 54. Be2 Rh6 55. Rc3 f3 56. Rxf3 1-0

[Event "Chessable Masters Play In"]
[Site "Chess.com INT"]
[Date "2025.02.17"]
[Round "7"]
[White "Mendonca, Leon Luke"]
[Black "Xu, Xiangyu"]
[Result "1/2-1/2"]
[WhiteElo "2641"]
[BlackElo "2623"]
[PlyCount "151"]
[EventDate "2025.02.17"]
[EventType "swiss (blitz)"]
[EventRounds "9"]
[EventCountry "USA"]
[SourceTitle "CB08_2025"]
[SourceDate "2025.02.19"]
[SourceVersion "1"]
[SourceVersionDate "2025.02.19"]
[SourceQuality "1"]

1. Nf3 d5 2. e3 Nf6 3. c4 e6 4. d4 Be7 5. Nbd2 0-0 6. b3 b6 7. Bb2 Bb7 8. Bd3 Nbd7 9. 0-0 a5 10. cxd5 exd5 11. a3 c5 12. a4 Re8 13. Rc1 Ne4 14. Qe2 Bf6 15. Rfd1 Rc8 16. Bb5 Nd6 17. Bd3 Ne4 18. Nf1 cxd4 19. Bxd4 Ndc5 20. Qb2 Bxd4 21. Nxd4 Nxd3 22. Rxd3 Rxc1 23. Qxc1 Qf6 24. Qb2 Ba6 25. Rd1 Rc8 26. Ng3 g6 27. Nxe4 dxe4 28. h3 Qd6 29. Rc1 Rc5 30. Rd1 Bd3 31. f4 Qc7 32. Kh1 h5 33. Rg1 Kh7 34. g4 Qe7 35. Qf2 Qf6 36. Qg3 Ba6 37. f5 h4 38. fxg6+ fxg6 39. Qb8 Bd3 40. Qb7+ Kg8 41. Qb8+ Kh7 42. Kh2 g5 43. Qb7+ Kg6 44. Nf5 Rc2+ 45. Kh1 Qb2 46. Qxb6+ Kf7 47. Qb7+ Kg6 48. Qb6+ Kf7 49. Qb7+ Kg6 50. Qb8 Be2 51. Qe8+ Kh7 52. Qe7+ Kg8 53. Qxg5+ Kf8 54. Qe7+ Kg8 55. Qe6+ Kf8 56. Qd6+ Kg8 57. Nxh4 Bf3+ 58. Nxf3 exf3 59. Rd1 Rc1 60. Qg6+ Kh8 61. Qh5+ Kg7 62. Qg5+ Kh8 63. Qd8+ Kg7 64. Qd7+ Kh8 65. Qe8+ Kg7 66. Qe7+ Kg8 67. Qe6+ Kg7 68. Qd7+ Kh8 69. Qd8+ Kg7 70. Qg5+ Kh8 71. Qh4+ Kg7 72. Qe7+ Kh8 73. Qe8+ Kh7 74. Qe7+ Kg8 75. Qe8+ Kg7 76. Qe7+ 1/2-1/2

[Event "Tata Steel-A 87th"]
[Site "Wijk aan Zee"]
[Date "2025.02.02"]
[Round "13"]
[White "Sarana, Alexey"]
[Black "Mendonca, Leon Luke"]
[Result "1/2-1/2"]
[WhiteElo "2677"]
[BlackElo "2639"]
[PlyCount "94"]
[EventDate "2025.01.18"]
[EventType "tourn"]
[EventRounds "13"]
[EventCountry "NED"]
[EventCategory "19"]
[SourceTitle "CB06_2025"]
[SourceDate "2025.02.05"]
[SourceVersion "1"]
[SourceVersionDate "2025.02.05"]
[SourceQuality "1"]

1. d4 Nf6 2. c4 e6 3. Nc3 Bb4 4. e3 0-0 5. Bd3 d5 6. a3 Bxc3+ 7. bxc3 dxc4 8. Bxc4 c5 9. Ne2 Qc7 10. Qc2 b6 11. f3 Bb7 12. Bd2 Nc6 13. Rc1 Rac8 14. Qb2 e5 15. e4 exd4 16. cxd4 cxd4 17. Bb5 Qd7 18. 0-0 Rfd8 19. Bg5 a6 20. Bxc6 Rxc6 21. Rxc6 Bxc6 22. Rd1 d3 23. Qxb6 h6 24. Bxf6 gxf6 25. Nf4 d2 26. Nd5 Bxd5 27. Rxd2 Qe7 28. h3 Rd7 29. Qb8+ Kh7 30. Rxd5 Rxd5 31. exd5 Qc5+ 32. Kh1 Qxd5 33. Qb6 Qe6 34. Qb4 Qd5 35. a4 a5 36. Qf4 Qe5 37. Qc4 Kg7 38. h4 Qe1+ 39. Kh2 Qb4 40. Qg4+ Qxg4 41. fxg4 Kg6 42. Kg3 f5 43. Kf4 fxg4 44. Kxg4 f5+ 45. Kf4 Kf6 46. g4 fxg4 47. Kxg4 Ke5 1/2-1/2

[Event "Tata Steel-A 87th"]
[Site "Wijk aan Zee"]
[Date "2025.02.01"]
[Round "12"]
[White "Mendonca, Leon Luke"]
[Black "Caruana, Fabiano"]
[Result "1/2-1/2"]
[WhiteElo "2639"]
[BlackElo "2803"]
[PlyCount "113"]
[EventDate "2025.01.18"]
[EventType "tourn"]
[EventRounds "13"]
[EventCountry "NED"]
[EventCategory "19"]
[SourceTitle "CB06_2025"]
[SourceDate "2025.02.05"]
[SourceVersion "1"]
[SourceVersionDate "2025.02.05"]
[SourceQuality "1"]

1. e4 e5 2. Nf3 Nc6 3. Bc4 Nf6 4. d3 Be7 5. Nc3 0-0 6. a4 Bb4 7. 0-0 Bxc3 8. bxc3 d6 9. Bg5 Be6 10. Bb5 Ne7 11. Bxf6 gxf6 12. d4 Ng6 13. Re1 c6 14. Bf1 Qa5 15. Re3 Kh8 16. Nd2 Rg8 17. Rg3 Nf4 18. Nc4 Qc7 19. Ne3 d5 20. exd5 cxd5 21. c4 exd4 22. Qxd4 Qe5 23. Rd1 dxc4 24. Nxc4 Qxd4 25. Rxd4 Rxg3 26. hxg3 Ng6 27. Nd6 b6 28. Bc4 Kg7 29. Bxe6 fxe6 30. Rc4 f5 31. Rc7+ Kf6 32. Nc8 Ne5 33. f3 h5 34. Nxa7 Rd8 35. Nc8 Rd7 36. Rc3 Rd1+ 37. Kh2 Nd7 38. Rc6 Rd4 39. Nxb6 Nxb6 40. Rxb6 Rxa4 41. Rc6 Ra1 42. c4 Rc1 43. c5 Kf7 44. f4 Kf6 45. Rc8 Kg7 46. c6 Kf7 47. c7 Kg7 48. g4 hxg4 49. Kg3 Rc2 50. Kh4 Rc3 51. Kg5 Rc1 52. g3 Rc2 53. Re8 Rxc7 54. Rxe6 Rc3 55. Kxf5 Rxg3 56. Rg6+ Kf7 57. Rxg4 1/2-1/2

[Event "Tata Steel-A 87th"]
[Site "Wijk aan Zee"]
[Date "2025.01.24"]
[Round "6"]
[White "Mendonca, Leon Luke"]
[Black "Warmerdam, Max"]
[Result "1/2-1/2"]
[WhiteElo "2639"]
[BlackElo "2646"]
[PlyCount "66"]
[EventDate "2025.01.18"]
[EventType "tourn"]
[EventRounds "13"]
[EventCountry "NED"]
[EventCategory "19"]
[SourceTitle "CB06_2025"]
[SourceDate "2025.02.05"]
[SourceVersion "1"]
[SourceVersionDate "2025.02.05"]
[SourceQuality "1"]

1. c4 e6 2. Nc3 d5 3. d4 Nf6 4. cxd5 exd5 5. Bg5 Be7 6. e3 c6 7. Bd3 Nbd7 8. h3 Nf8 9. Nf3 Ne6 10. Bh4 g6 11. 0-0 0-0 12. Rb1 a5 13. Rc1 Ng7 14. Qb3 Ra7 15. Na4 Bf5 16. Be2 Ne4 17. Bxe7 Qxe7 18. Qb6 Raa8 19. Nc5 Nd6 20. Rc3 Rfb8 21. Nd2 Nc8 22. Qb3 Ne6 23. Nxe6 Bxe6 24. Rc5 Qd8 25. a4 Nd6 26. Ra1 Ra7 27. Rcc1 h5 28. Qc3 Rba8 29. Qc5 Kh7 30. Bd3 Bf5 31. Bxf5 Nxf5 32. Ra3 Nh4 33. Rd1 Nf5 1/2-1/2